000
00238nam a2200109Ia 4500
008
190912s9999||||xx |||||||||||||| ||und||
100
_a
Nasreen M. Ahsan
245
0
_a
Vistas
260
_a
USA
_b
Addision
_c
2001
300
_a
138
942
_c
BK
999
_c
7480
_d
7480